[Rezension von: Werner Busch, Die Künstleranekdote, 1760-1960. Künstlerleben und Bildinterpretation]
Saved in:
| Published in: | Regards croisés 12(2022), Seite 142-144 |
|---|---|
| Main Author: | |
| Document Type: | Online Resource Article |
| Language: | French |
| Published: |
2022
|
| Subjects: | |
| Online Access: | kostenfrei kostenfrei |
| Related Items: | Enthalten in:
Regards croisés Rezension von: Die Künstleranekdote |
| Author Notes: | Martine Boyer-Weinmann |
| LEADER | 01988caa a2200397 c 4500 | ||
|---|---|---|---|
| 001 | 1877958174 | ||
| 003 | DE-627 | ||
| 005 | 20260511171601.0 | ||
| 007 | cr uuu---uuuuu | ||
| 008 | 240112s2022 xx |||||oo 00| ||fre c | ||
| 024 | 7 | |a 10.57732/rc.2022.12.94989 |2 doi | |
| 035 | |a (DE-627)1877958174 | ||
| 035 | |a (DE-599)KXP1877958174 | ||
| 035 | |a (OCoLC)1425060286 | ||
| 040 | |a DE-627 |b ger |c DE-627 |e rda | ||
| 041 | |a fre | ||
| 084 | |a KUNST |q DE-16 |2 fid | ||
| 100 | 1 | |a Boyer-Weinmann, Martine |d 1959- |e VerfasserIn |0 (DE-588)13428951X |0 (DE-627)566666367 |0 (DE-576)300427344 |4 aut | |
| 245 | 1 | 0 | |a [Rezension von: Werner Busch, Die Künstleranekdote, 1760-1960. Künstlerleben und Bildinterpretation] |c Martine Boyer-Weinmann |
| 264 | 1 | |c 2022 | |
| 300 | |b Illustrationen | ||
| 336 | |a Text |b txt |2 rdacontent | ||
| 337 | |a Computermedien |b c |2 rdamedia | ||
| 338 | |a Online-Ressource |b cr |2 rdacarrier | ||
| 655 | 7 | |a Rezension |0 (DE-588)4049712-4 |0 (DE-627)106186019 |0 (DE-576)209083166 |2 gnd-content | |
| 773 | 0 | 8 | |i Enthalten in |t Regards croisés |d Paris : Institut National d’Histoire de l’Art, 2013 |g 12(2022), Seite 142-144 |h Online-Ressource |w (DE-627)832785571 |w (DE-600)2830060-9 |w (DE-576)442942508 |x 2509-4750 |7 nnas |
| 773 | 1 | 8 | |g volume:12 |g year:2022 |g pages:142-144 |
| 787 | 0 | 8 | |i Rezension von |a Busch, Werner, 1944 - |t Die Künstleranekdote |d München : C.H. Beck, 2020 |h 303 Seiten, 30 ungezählte Seiten Bildtafeln |w (DE-627)1694631214 |z 9783406758256 |
| 856 | 4 | 0 | |u https://doi.org/10.57732/rc.2022.12.94989 |x Verlag |x Resolving-System |z kostenfrei |3 Volltext |7 0 |
| 856 | 4 | 0 | |u https://journals.ub.uni-heidelberg.de/index.php/rc/article/view/94989 |x Verlag |z kostenfrei |3 Volltext |7 0 |
| 912 | |a ZDB-282-AAE-article | ||
| 951 | |a AR | ||
| 994 | |u https://ahnp.ub.uni-heidelberg.de/journals/rc/article/view/94989 | ||
| 994 | |u https://ahnp.ub.uni-heidelberg.de/journals/rc/article/view/94989 | ||
| 991 | |a Rezension (Monographie, Zeitschrift, Aufsatz) | ||
| 999 | |a KXP-PPN1877958174 |e 4967429742 | ||


